|
|
|
|
| LEADER |
00000nab a2200000 ar4500 |
| 001 |
vtls009282485 |
| 003 |
SK-MaSNL |
| 005 |
20260303183357.0 |
| 008 |
080404c2008 xo wr|p|||||||000 b|slo |
| 015 |
|
|
|a SNBRB2008/04
|2 snkbucl
|
| 040 |
|
|
|a SNKBUCL
|b slo
|c SNKBUCL
|e AACR2
|
| 041 |
0 |
|
|a slo
|
| 044 |
|
|
|a xo
|c SK
|
| 080 |
|
|
|a 329.3:27
|x (437.6)
|b KDH
|2 2001
|
| 100 |
1 |
|
|a Pavlík, Radovan
|4 aut
|9 764267
|
| 245 |
1 |
0 |
|a KDH je v kríze
|c Radovan Pavlík
|
| 246 |
3 |
|
|a Kresťanskodemokratické hnutie je v kríze
|
| 300 |
|
|
|b Fotogr.
|
| 610 |
2 |
7 |
|a Kresťanskodemokratické hnutie (politická strana)
|2 snkbucl
|9 34649
|
| 773 |
0 |
|
|t Eurodomino
|g Roč. I, č. 4 (2008), s. 8-9
|x 1337-6772
|
| 852 |
|
|
|a SNK
|b KIS3GCP
|
| 958 |
|
|
|a SK
|
| 999 |
|
|
|c 2120821
|d 2122751
|